00544naa a2200157 a 450000100080000000500110000800800410001902200140006010000190007424501060009326000090019950000840020865000150029265000180030777300610032512883422012-07-10 1983 bl uuuu u00u1 u #d a0583-31321 aREZENDE, G. C. aExploração e produtividade de florestas de eucalipto plantadas em espaçamentos não convencionais. c1983 aEdição dos anais do 4º Congresso Florestal Brasileiro, 1982, Belo Horizonte. aEucalyptus aProdutividade tSilvicultura, São Paulogv. 8, n. 28, p. 594-600, 1983.